MARC

LEADER 00000nam0a2200000 4500
001 257381
005 20231101233210.0
035 |a (RuTPU)RU\TPU\book\280178 
090 |a 257381 
100 |a 20140416d1988 y0rusy50 ca 
101 1 |a rus  |c jpn 
102 |a RU 
105 |a a z 000zy 
200 1 |a Цифровые грампластинки  |e пер. с яп.  |f Х. Накадзима, Х. Огава 
210 |a Москва  |c Радио и связь  |d 1988 
215 |a 168 с.  |c ил. 
606 1 |a Грампластинки цифровые  |2 stltpush  |3 (RuTPU)RU\TPU\subj\8533  |9 35931 
610 1 |a CD 
610 1 |a звукозапись 
610 1 |a цифровая запись 
610 1 |a стандарты 
610 1 |a видеозапись 
610 1 |a материалы 
610 1 |a цифровые проигрыватели 
610 1 |a конструкции 
610 1 |a преимущества 
675 |a 681.85  |v 3 
700 1 |a Накадзима  |b Х. 
701 1 |a Огава  |b Х. 
801 1 |a RU  |b 63413507  |c 20140416 
801 2 |a RU  |b 63413507  |c 20141006  |g RCR 
942 |c BK